Globalization and Corporate Taxation /

This paper analyzes the extent to which the degree of international economic integration, both financial and trade, affects corporate tax rates. It explores this issue in the context of strategic behavior by countries, taking into account other global and domestic political economy factors. Tax rate...

詳細記述

書誌詳細
第一著者: Kumar, Manmohan
その他の著者: Quinn, Dennis
フォーマット: 雑誌
言語:English
出版事項: Washington, D.C. : International Monetary Fund, 2012.
シリーズ:IMF Working Papers; Working Paper ; No. 2012/252
オンライン・アクセス:Full text available on IMF
LEADER 02036cas a2200253 a 4500
001 AALejournalIMF013145
008 230101c9999 xx r poo 0 0eng d
020 |c 5.00 USD 
020 |z 9781557754752 
022 |a 1018-5941 
040 |a BD-DhAAL  |c BD-DhAAL 
100 1 |a Kumar, Manmohan. 
245 1 0 |a Globalization and Corporate Taxation /  |c Manmohan Kumar, Dennis Quinn. 
264 1 |a Washington, D.C. :  |b International Monetary Fund,  |c 2012. 
300 |a 1 online resource (49 pages) 
490 1 |a IMF Working Papers 
500 |a <strong>Off-Campus Access:</strong> No User ID or Password Required 
500 |a <strong>On-Campus Access:</strong> No User ID or Password Required 
506 |a Electronic access restricted to authorized BRAC University faculty, staff and students 
520 3 |a This paper analyzes the extent to which the degree of international economic integration, both financial and trade, affects corporate tax rates. It explores this issue in the context of strategic behavior by countries, taking into account other global and domestic political economy factors. Tax rates are analyzed using a unique tax dataset for advanced and developing economies extending over five decades. We report a number of novel results: there is no general negative relationship between financial globalization and corporate tax rates and revenues-results vary according to country grouping with OECD countries showing a positive relationship; the United States exhibits a 'Stackelberg' type of leadership on other countries; trade integration is inversely correlated with tax rates; and public sentiment and ideology affect tax rates. The policy implications of these findings, particularly given budgetary pressures in the aftermath of the global crisis, are noted. 
538 |a Mode of access: Internet 
700 1 |a Quinn, Dennis. 
830 0 |a IMF Working Papers; Working Paper ;  |v No. 2012/252 
856 4 0 |z Full text available on IMF  |u http://elibrary.imf.org/view/journals/001/2012/252/001.2012.issue-252-en.xml  |z IMF e-Library